Harimau berantai

Bibliographic Details
Format: Book
Published: Selangor : Eddiplex , 2015
Series:Siri didikan moral dalam peribahasa
Subjects:

MARC

LEADER 00000cam a2200000 7i4500
001 0000055872
005 20151222.0
008 151130
020 |a 9789670799025 
020 |a 9789838809993 (set) 
090 0 0 |a MOR   |b MAL 
245 1 0 |a Harimau berantai   |c karya terbaru disusun oleh Sailey Azizah 
260 |a Selangor :   |b Eddiplex ,   |c 2015 
490 0 |a Siri didikan moral dalam peribahasa 
500 |a Children ages 10-12 years old (pink) 
650 0 |a Didactic fiction, Malay 
650 0 |a Proverbs, Malay 
999 |a 0001359068   |b Book   |c Children Collection   |e Perbadanan Perpustakaan Awam Johor 
999 |a 0001359070   |b Book   |c Children Collection   |e Cawangan Urban Transformation Centre 
999 |a 0001359071   |b Book   |c Children Collection   |e Cawangan Urban Transformation Centre 
999 |a 0001359340   |b Book   |c Children Collection   |e Cawangan Tmn. Ungku Tun Aminah 
999 |a 0001359341   |b Book   |c Children Collection   |e Cawangan Sri Merlong 
999 |a 0001359342   |b Book   |c Children Collection   |e Cawangan Segamat 
999 |a 0001359343   |b Book   |c Children Collection   |e Cawangan Pontian 
999 |a 0001359344   |b Book   |c Children Collection   |e Cawangan Taman Universiti 
999 |a 0001359345   |b Book   |c Teenagers   |e Cawangan Bandar Tenggara 
999 |a 0001359346   |b Book   |c Children Collection   |e Cawangan Batu Pahat 
999 |a 0001359347   |b Book   |c Children Collection   |e Cawangan Bukit Gambir 
999 |a 0001359348   |b Book   |c Children Collection   |e Cawangan Mersing 
999 |a 0001359349   |b Book   |c Children Collection   |e Cawangan Muar 
999 |a 0001359350   |b Book   |c Children Collection   |e Cawangan Tangkak 
999 |a 0001359351   |b Book   |c Children Collection   |e Cawangan Kota Tinggi 
999 |a 0001359352   |b Book   |c Children Collection   |e Cawangan Bandar Penawar 
999 |a 0001359353   |b Book   |c Children Collection   |e Cawangan Taman Sri Lambak 
999 |a 0001362000   |b Book   |c Children Collection   |e Perbadanan Perpustakaan Awam Johor 
999 |a 0001362001   |b Book   |c Children Collection   |e Perbadanan Perpustakaan Awam Johor